|
|
|
|
| LEADER |
00000nam a2200000 a 4500 |
| 001 |
vtls001356555 |
| 003 |
SK-MaSNL |
| 005 |
20260301010531.0 |
| 008 |
130606s1998 xo o g c 0 00 slo |
| 015 |
|
|
|a SNBE1999/03-01355
|
| 020 |
|
|
|a 8096730223
|
| 035 |
|
|
|a SNK000310034
|
| 040 |
|
|
|a SNK
|b slo
|c SNK
|e AACR2
|
| 041 |
0 |
|
|a slo
|
| 044 |
|
|
|a xo
|c SK
|
| 080 |
|
|
|a 77.04:061.4:06.063(083.9)
|2 1981
|
| 111 |
2 |
|
|a AMFO a DIAFOTO
|d (1998 :
|c Humenné, Slovensko)
|9 292493
|
| 245 |
1 |
0 |
|a Amfo a diafoto '98
|b súťažná výstava neprofesionálnej fotografie Prešovského kraja
|c zostavila Mária Mišková
|
| 260 |
|
|
|a Humenné
|b Vihorlatské kultúrne centrum
|c 1998
|
| 300 |
|
|
|a [8] s.
|b čiernobiele a fareb. fotogr.
|c 21 x 21 cm
|
| 366 |
|
|
|e 400 výt.
|
| 650 |
0 |
7 |
|a amatérska fotografia
|2 SNKPH
|9 72795
|
| 651 |
|
7 |
|a Humenné (Slovensko : okres)
|2 SNKPH
|9 22484
|
| 651 |
|
7 |
|a Prešovský samosprávny kraj (Slovensko)
|2 SNKPH
|9 23301
|
| 655 |
|
7 |
|a katalógy výstav
|2 SNKPH
|9 70445
|
| 700 |
1 |
|
|a Mišková, Mária,
|d 1954-
|4 com
|9 29374
|
| 710 |
2 |
|
|a Vihorlatské kultúrne centrum (Humenné, Slovensko)
|4 aut
|9 95358
|
| 919 |
|
|
|a 80-967302-2-3
|
| 999 |
|
|
|c 548375
|d 550305
|
| 952 |
|
|
|t P60, <03>, [BOOK], {603}
|a SNK
|b SNK
|y PREZ
|7 0
|p 17A0183195
|o snkOSC 20156
|i snkKSP 2223/99
|0 0
|1 0
|4 0
|d 1999-03-03
|l 0
|r 2005-01-02 00:00:00
|w 2026-02-23
|
| 952 |
|
|
|t P60, <04>, [BOOK], {604}
|a SNK
|b SNK
|y VYP
|7 0
|p 17A0183196
|o snkOSC 20156 D1
|i snkKSP 2224/99
|0 0
|1 0
|4 0
|d 1999-03-03
|l 0
|r 2005-01-02 00:00:00
|w 2026-02-23
|